Odhady a testy parametra "pí" binomického rozdelenia v programovom systéme STATGRAPHICS

Enregistré dans:
Détails bibliographiques
Auteur principal: Sipková, Ľubica, 1962-
Format: Chapitre de livre
Langue:slovaque
Tags: Ajouter un tag
Pas de tags, Soyez le premier à ajouter un tag!

MARC

LEADER 00000naa$a2200000$$$4500
001 0111521
005 20240502072232.3
041 0 |a slo 
044 |a SK 
245 1 0 |a Odhady a testy parametra "pí" binomického rozdelenia v programovom systéme STATGRAPHICS  |c Ľubica Sipková 
100 1 |a Sipková, Ľubica, 1962-